000 01242nam a22003377a 4500
003 CHAP
005 20220817044317.0
008 100126s1999 cr r 00010 spa d
010 _a97393
011 _a98365
020 _a929039404 8
035 _a109050
040 _cCHAP
082 0 4 _a664.07
_bIi1
110 1 _aInstituto Interamericano de Cooperación para la Agricultura
245 1 _aOrganización institucional para el aseguramiento de la calidad e inocuidad de los alimentos :
_bel caso de la región andina
_c/editado por Instituto Interamericano de Cooperación para la Agricultura
260 _aSan José, C.R. :
_bIICA,
_c1999
300 _a99 p.
490 0 _aSeries agroalimentarias.
_pCuadernos de calidad
_v; 10
590 _aBATCH-UPD
_b10
_c20130110
_lUCH01
_h0844
590 _aCONVERSION
_b10
_c20130109
_lUCH01
_h1354
650 1 4 _aAlimentos
_xIndustria.
_94227
650 1 4 _aCalidad
_xNormas.
_917489
650 1 4 _aInocuidad alimentaria.
_958836
650 1 4 _aSeguridad industrial.
_9103675
830 0 _aSeries agroalimentarias.
_pCuadernos de calidad
_v; 10
_9105107
901 _aBK
911 _aen proceso
942 _cLIBRO
949 _a664.07 Ii1
_bBC
_cLIBRO
_d33724002127256
_eLIBRO
_h111617
_i109050
_sb
_tddc
999 _c97393
_d97393